000 00336nam a2200145Ia 4500
008 150201s2009 xx 000 0 und d
082 _a611
_bH09S
100 _aSINGH, INDERBIR
245 _aHUMAN EMBRYOLOGY
250 _a8TH
260 _bMACMILLAN
_aCHENNAI
_c2009
300 _a1-361
650 _aHUMAN ANATOMY
942 _2ddc
_cBK
_033
999 _c323
_d323